000 00334nam a2200145Ia 4500
005 20251222153631.0
008 251222s9999||||xx |||||||||||||| ||spa||
020 _a8470506226
082 _a800/S29
100 _a Schonborn, Christoph
245 0 _aNavidad, Mito y Realidad
250 _a1ra .ed
264 _bEDICEP
942 _cLIB
999 _c32350
_d32350